Loading...
| Literature - American Literature | 0 | 11 | 0 | 0 | 110 | 78 | 119.09 | 0 | 1 |
| Fine Arts - Other Fine Arts | 0 | 7 | 1 | 1 | 65 | 49 | 100.14 | 1 | 3 |
| Literature - World Literature | 0 | 6 | 1 | 1 | 55 | 67 | 110.00 | 1 | 3 |
| Literature - British Literature | 0 | 6 | 2 | 0 | 50 | 58 | 103.50 | 1 | 2 |
| Literature - European Literature | 0 | 5 | 0 | 0 | 50 | 98 | 112.40 | 0 | 4 |
| Philosophy | 0 | 6 | 3 | 0 | 45 | 61 | 86.17 | 1 | 4 |
| Fine Arts - Painting & Sculpture | 0 | 5 | 1 | 0 | 45 | 69 | 88.20 | 1 | 4 |
| Science - Physics | 0 | 5 | 2 | 1 | 40 | 43 | 91.60 | 1 | 2 |
| History - American History | 0 | 3 | 0 | 0 | 30 | 108 | 112.00 | 0 | 0 |
| Other Academic | 0 | 1 | 0 | 0 | 10 | 136 | 136.00 | 0 | 0 |
| Religion | 0 | 1 | 0 | 0 | 10 | 102 | 102.00 | 0 | 0 |
| Science - Biology | 0 | 1 | 0 | 0 | 10 | 122 | 122.00 | 0 | 0 |
| Science - Other Science | 0 | 2 | 5 | 0 | -5 | 57 | 65.50 | 1 | 2 |